书目信息 |
| 题名: |
数控机床
|
|
| 作者: | 夏凤英 主编 | |
| 分册: | ||
| 出版信息: | 北京 高等教育出版社 2016.04 |
|
| 页数: | 220页 | |
| 开本: | 26cm | |
| 丛书名: | ||
| 单 册: | ||
| 中图分类: | TG659 | |
| 科图分类: | ||
| 主题词: | 组合机床 , 组合机床--加工 | |
| 电子资源: | ||
| ISBN: | 978-7-04-040843-0 | |
| 000 | 00583nam0 2200205 450 | |
| 001 | 941 | |
| 005 | 20160912084500.26 | |
| 010 | @a978-7-04-040843-0@b平装@dCNY25.60 | |
| 100 | @a20160725d2016 km y0chiy0120 ea | |
| 101 | 0 | @achi |
| 102 | @aCN@b110000 | |
| 200 | 1 | @a数控机床@Ashu kong ji chuang@f夏凤英主编@Fxia feng ying zhu bian |
| 210 | @a北京@c高等教育出版社@d2016.04 | |
| 215 | @a220页@d26cm | |
| 606 | 0 | @a组合机床 |
| 606 | 0 | @a组合机床@x加工 |
| 690 | @aTG659@v4 | |
| 701 | 0 | @a夏凤英@Axia feng ying@4主编 |
| 801 | 0 | @aCN@b唐山师范学院图书馆@c20151002 |
| 905 | @aZUCC@dTG659@e23 | |
| 数控机床/夏凤英主编.-北京:高等教育出版社,2016.04 |
| 220页;26cm |
| ISBN 978-7-04-040843-0(平装):CNY25.60 |
| ● |
| 相关链接 |
|
|
|
|
正题名:数控机床
索取号:TG659/23
 
预约/预借
| 序号 | 登录号 | 条形码 | 馆藏地/架位号 | 状态 | 备注 |
| 1 | 904017 | 209040170 | 第二样本阅览室/ [索取号:TG659/23] | 在馆 | |
| 2 | 904018 | 209040189 | 第三借阅区/ [索取号:TG659/23] | 在馆 | |
| 3 | 904019 | 209040198 | 第三借阅区/ [索取号:TG659/23] | 在馆 |